000 00414nam a2200145 i 4500
001 bg
245 0 _aKonstruowanie aparatury mikroelektronicznej :
_bpraca zbiorowa /
_cpod red. B. F. Wysockiego.
260 _aWarszawa :
_bWydawnictwa Naukowo-Techniczne,
_c1978.
700 1 _aBogdan F.,
040 _cBPK
041 _apol
080 _a004:621.3.049
942 _cKS
008 s pl f |000 0 pol
999 _c18044
_d18044
856 _uhttp://koha.tu.koszalin.pl/cgi-bin/koha/opac-detail.pl?biblionumber=18044
_yKatalog online BPK